[Event "AUTO-ADV-925"]
[Site "http://www.queenalice.com/game.php?id=410933"]
[Date "2008.5.31"]
[Round "1"]
[White "Luciano_Matte"]
[Black "beginchess"]
[Result "1-0"]
[WhiteElo "1857"]
[BlackElo "1722"]

1. c4 e5 2. Nc3 Nf6 3. g3 Bb4 4. Bg2 O-O 5. Nf3 Re8 6. a3 Bxc3 7. bxc3 e4 8. Nd4
c6 9. O-O b6 10. a4 Ba6 11. d3 h6 12. Bf4 Nh5 13. Be3 exd3 14. exd3 Nf6 15. Qd2
Ng4 16. Rae1 Nxe3 17. Rxe3 Bb7 18. Rxe8+ Qxe8 19. Re1 Qf8 20. Qf4 Na6 21. Nf5
Nc5 22. Qg4 Kh7 23. d4 Ne6 24. d5 Nc5 25. d6 Nxa4 26. Re7 Rd8 27. Nh4 Nc5 28.
Qf5+ Kg8 29. g4 Re8 30. Qe5 Ne6 31. Rxd7 Nc7 32. Qf5 Re1+ 33. Bf1 Ba6 34. Nf3
Re6 35. dxc7 1-0

[Event "AUTO-ADV-925"]
[Site "http://www.queenalice.com/game.php?id=410934"]
[Date "2008.5.31"]
[Round "1"]
[White "beginchess"]
[Black "CowboyNoel"]
[Result "1-0"]
[WhiteElo "1876"]
[BlackElo "1550"]

1. d4 b6 2. c4 d5 3. Nc3 dxc4 4. e3 Nf6 5. Bxc4 Nc6 6. Nf3 Bg4 7. h3 Bh5 8. Be2
e6 9. O-O Nb4 10. a3 Nc6 11. Nh2 Bxe2 12. Qxe2 a6 13. Rd1 h5 14. f3 Na5 15. b4
Nc6 16. Bb2 Nd5 17. Nxd5 Qxd5 18. e4 Qg5 19. d5 exd5 20. exd5+ Ne5 21. Bxe5
O-O-O 22. Qxa6+ Kd7 23. Bb2 Bd6 24. Qb5+ Kc8 25. Rac1 Rhe8 26. Qxb6 Re2 27. Qa6+
Kd7 28. Qxe2 Re8 29. Qb5+ Kc8 30. Qxe8+ Kb7 31. Qc6+ Kb8 32. Qe8+ Kb7 33. Qxf7
Qe3+ 34. Kh1 g5 35. Qxh5 Kc8 36. b5 Kb7 37. a4 Kb6 38. Bd4+ 1-0

[Event "AUTO-ADV-925"]
[Site "http://www.queenalice.com/game.php?id=410935"]
[Date "2008.5.31"]
[Round "1"]
[White "CowboyNoel"]
[Black "beginchess"]
[Result "1-0"]
[WhiteElo "1584"]
[BlackElo "1823"]

1. e4 e5 2. Nf3 d6 3. g3 Nf6 4. Bc4 Be7 5. Nc3 Nc6 6. d4 exd4 7. Nxd4 Bd7 8. Bg5
O-O 9. h4 Ne5 10. Nd5 Nxd5 11. Bxd5 c6 12. Nf5 Bxg5 13. hxg5 cxd5 14. Qxd5 Nf3+
15. Ke2 Nxg5 16. f4 Bc6 17. Qd4 Ne6 18. Qb4 d5 19. Rad1 Nc7 20. e5 Qd7 21. Ne7+
Kh8 22. Rxh7+ 1-0

[Event "AUTO-ADV-925"]
[Site "http://www.queenalice.com/game.php?id=410936"]
[Date "2008.5.31"]
[Round "1"]
[White "beginchess"]
[Black "Eyechess"]
[Result "0-1"]
[WhiteElo "1836"]
[BlackElo "1848"]

1. d4 e6 2. c4 d5 3. Nc3 Nf6 4. e3 c6 5. Nf3 Nbd7 6. Be2 dxc4 7. Bxc4 b5 8. Bd3
b4 9. Ne2 c5 10. O-O Bb7 11. Nd2 cxd4 12. Nxd4 Be7 13. f3 O-O 14. Bc2 Rc8 15.
N2b3 g6 16. Bb1 e5 17. Ne2 Qb6 18. Kh1 a5 19. Bd2 a4 20. Nbc1 Rfd8 21. Qe1 Ba6
22. Bd3 Nc5 23. Bxa6 Nxa6 24. b3 Rc2 25. Bxb4 Qxb4 26. Qf2 a3 27. Re1 Bc5 28.
Qf1 Bxe3 29. Ng3 Rf2 0-1

[Event "AUTO-ADV-925"]
[Site "http://www.queenalice.com/game.php?id=410937"]
[Date "2008.5.31"]
[Round "1"]
[White "Eyechess"]
[Black "beginchess"]
[Result "1-0"]
[WhiteElo "1864"]
[BlackElo "1841"]

1. c4 e5 2. g3 Nf6 3. Bg2 Bb4 4. a3 Bc5 5. b4 Be7 6. Nc3 O-O 7. Nf3 d6 8. d4
exd4 9. Nxd4 Bg4 10. Bxb7 Nbd7 11. Nc6 Qe8 12. Bxa8 Qxa8 13. b5 Re8 14. f3 Be6
15. Qa4 Nc5 16. Qxa7 Qxa7 17. Nxa7 Bxc4 18. Nc6 Nfd7 19. Nxe7+ Rxe7 20. Rb1 h6
21. O-O d5 22. Rd1 Nb6 23. e4 dxe4 24. Be3 Nbd7 25. fxe4 Nd3 26. a4 Nf6 27. a5
Nxe4 28. Nxe4 Rxe4 29. Bf4 Nxf4 30. gxf4 Rxf4 31. a6 Bxb5 32. Rxb5 Ra4 33. Rd8+
Kh7 34. Ra8 g6 35. Rc5 Kg7 36. Rxc7 Kf6 37. a7 Ke6 38. Rf8 f6 39. a8=Q 1-0

[Event "AUTO-INT-846"]
[Site "http://www.queenalice.com/game.php?id=430890"]
[Date "2008.7.10"]
[Round "2"]
[White "MarceloBecker"]
[Black "beginchess"]
[Result "1-0"]
[WhiteElo "1928"]
[BlackElo "1825"]

1. e4 e5 2. Nf3 d6 3. Nc3 Nf6 4. Bc4 Be7 5. O-O O-O 6. d3 a5 7. Bg5 c6 8. a3 b5
9. Ba2 Bg4 10. h3 Bh5 11. b4 h6 12. Be3 Nh7 13. g4 Bg6 14. Ne2 axb4 15. axb4 Kh8
16. Ng3 Na6 17. Qd2 f6 18. Nh4 Bf7 19. Nhf5 Bxa2 20. Rxa2 Rf7 21. Rfa1 Qc8 22.
Qc3 Ng5 23. Bxg5 hxg5 24. Qb3 d5 25. exd5 Bxb4 26. Qxb4 cxd5 27. Nd6 1-0

[Event "AUTO-INT-846"]
[Site "http://www.queenalice.com/game.php?id=430891"]
[Date "2008.7.10"]
[Round "2"]
[White "beginchess"]
[Black "MarceloBecker"]
[Result "0-1"]
[WhiteElo "1859"]
[BlackElo "1895"]

1. d4 d5 2. c4 c6 3. e3 Nf6 4. Nf3 e6 5. Nc3 Nbd7 6. Be2 Be7 7. O-O O-O 8. Bd3
Re8 9. Qc2 Nf8 10. Ne5 Ng6 11. Nxg6 hxg6 12. f4 dxc4 13. Bxc4 c5 14. dxc5 Bxc5
15. Na4 Bb6 16. Nxb6 Qxb6 17. Kh1 Bd7 18. b3 Rac8 19. Qe2 Bc6 20. Bb2 Red8 21.
h3 Qb4 22. a3 Qd2 23. Rf2 Ne4 24. Bd4 Nxf2+ 0-1

[Event "AUTO-INT-846"]
[Site "http://www.queenalice.com/game.php?id=430892"]
[Date "2008.7.10"]
[Round "2"]
[White "Jackzapo"]
[Black "beginchess"]
[Result "1-0"]
[WhiteElo "1914"]
[BlackElo "1829"]

1. d4 d5 2. c4 c6 3. Nc3 dxc4 4. a4 Nd7 5. e3 Nb6 6. a5 Nd5 7. Bxc4 Ngf6 8. Nge2
e6 9. Nxd5 exd5 10. Bd3 Bd6 11. O-O O-O 12. Ng3 Bxg3 13. fxg3 Ne4 14. Bxe4 dxe4
15. b4 f5 16. Ba3 Rf6 17. Rc1 Be6 18. Bb2 Rh6 19. Qe1 Qe8 20. Qe2 b5 21. axb6
axb6 22. Qf2 Qh5 23. h3 b5 24. Rxc6 Rg6 25. Rfc1 Bc4 26. Rxg6 Qxg6 27. Rc2 Kf7
28. g4 Be6 29. Rc6 Qg5 30. Rc5 Kg8 31. gxf5 Bd7 32. f6 Qxf6 33. Qxf6 gxf6 34. g4
Ra2 35. Rc2 Be6 36. Kf2 Bc4 37. Kg3 Ra8 38. Kf4 Re8 39. h4 Kg7 40. g5 fxg5+ 41.
hxg5 Kg6 42. Rh2 Re7 43. Bc3 Bd3 44. d5 Rf7+ 45. Bf6 Rc7 46. d6 Rd7 47. Be7 Bb1
48. Rh6+ Kg7 49. Kf5 1-0

[Event "AUTO-INT-846"]
[Site "http://www.queenalice.com/game.php?id=430893"]
[Date "2008.7.10"]
[Round "2"]
[White "beginchess"]
[Black "Jackzapo"]
[Result "0-1"]
[WhiteElo "1836"]
[BlackElo "1950"]

1. d4 Nf6 2. c4 e6 3. Nf3 d5 4. e3 c6 5. Be2 Nbd7 6. O-O Be7 7. Nc3 O-O 8. Ne5
Nxe5 9. dxe5 Nd7 10. f4 f6 11. cxd5 cxd5 12. exf6 Nxf6 13. a3 a6 14. Rf3 b5 15.
Bd3 Bb7 16. Rg3 d4 17. exd4 Qxd4+ 18. Be3 Qd8 19. Qc2 Rc8 20. b4 Qc7 21. Bd2 Bd6
22. Rh3 h6 23. Re1 Bxf4 24. Bxf4 Qxf4 25. Rxe6 Qd4+ 26. Ree3 Ng4 27. Bh7+ Kh8
28. Qd3 Qxd3 29. Rxd3 Kxh7 30. Rh4 Ne5 31. Re3 Nc4 32. Re7 Nd2 0-1

[Event "AUTO-INT-803"]
[Site "http://www.queenalice.com/game.php?id=436414"]
[Date "2008.7.20"]
[Round "2"]
[White "Gerd"]
[Black "beginchess"]
[Result "0-1"]
[WhiteElo "1917"]
[BlackElo "1858"]

1. d4 d5 2. e3 Nf6 3. Bd3 e6 4. a3 Be7 5. Nf3 O-O 6. Ne5 c5 7. dxc5 Bxc5 8. Nc3
Nbd7 9. Ng4 a6 10. b4 Ba7 11. O-O e5 12. Nxd5 Nxd5 13. Bb2 Qe7 14. Bxh7+ Kxh7
15. Qxd5 f6 16. Qe4+ g6 17. Qf3 Rh8 18. e4 Kg7 19. h3 Nb6 20. c3 Nc4 21. Bc1
Bxg4 22. Qxg4 Rh5 23. Kh2 Rah8 24. Qe2 b5 25. f4 exf4 26. Bxf4 Ne5 27. Rad1 Qe6
28. Rd5 Rxh3+ 29. gxh3 Qxh3# 0-1

[Event "AUTO-INT-803"]
[Site "http://www.queenalice.com/game.php?id=436415"]
[Date "2008.7.20"]
[Round "2"]
[White "beginchess"]
[Black "Gerd"]
[Result "1-0"]
[WhiteElo "1838"]
[BlackElo "1938"]

1. d4 d5 2. c4 e6 3. e3 c6 4. Nf3 Nf6 5. Be2 dxc4 6. Bxc4 Be7 7. O-O b5 8. Bd3
Bb7 9. Ne5 O-O 10. f4 c5 11. dxc5 Bxc5 12. Bd2 a6 13. Nc3 Nd5 14. Qc2 Bxe3+ 15.
Kh1 Bd4 16. Bxh7+ Kh8 17. Rf3 Nf6 18. Rh3 Bxe5 19. Be4+ Kg8 20. Bxb7 Ra7 21.
fxe5 Rxb7 22. exf6 g6 23. Bh6 Re8 24. Bg7 1-0

[Event "AUTO-INT-803"]
[Site "http://www.queenalice.com/game.php?id=436421"]
[Date "2008.7.20"]
[Round "2"]
[White "LuizFernandes"]
[Black "beginchess"]
[Result "0-1"]
[WhiteElo "1891"]
[BlackElo "1813"]

1. e4 e5 2. Nf3 d6 3. d4 exd4 4. Nxd4 Nf6 5. Nc3 Be7 6. Be3 O-O 7. Bd3 a6 8. O-O
b5 9. Nce2 Bb7 10. Ng3 c5 11. Nf3 c4 12. Be2 Nxe4 13. Nxe4 Bxe4 14. c3 Nc6 15.
Nd4 Nxd4 16. Bxd4 d5 17. Bf3 f5 18. Bxe4 fxe4 19. Qg4 Bf6 20. Qe6+ Kh8 21. Bc5
Re8 22. Qd6 Qxd6 23. Bxd6 Re6 24. Bc5 Rc8 25. Be3 h6 26. Rad1 Rd6 27. Bd4 Kh7
28. Rfe1 Bg5 29. Be3 Bxe3 30. Rxe3 Rcd8 31. Rd4 g5 32. Kf1 Kg6 33. Ke2 h5 34. h3
Kf5 35. Kd2 a5 36. Kc2 Ke5 37. Rd1 Rf6 38. Rd2 Rdf8 39. Ree2 Rf5 40. Kd1 Kf4 41.
Ke1 b4 42. cxb4 axb4 43. Kf1 Ra8 44. g3+ Ke5 45. b3 c3 46. Rd1 Rf6 47. Ra1 h4
48. Kg2 hxg3 49. fxg3 d4 50. Rae1 e3 51. h4 g4 52. Rd1 Ke4 53. Rde1 Rfa6 54. Ra1
d3 0-1

[Event "AUTO-INT-803"]
[Site "http://www.queenalice.com/game.php?id=436422"]
[Date "2008.7.20"]
[Round "2"]
[White "beginchess"]
[Black "Josecarlos"]
[Result "0-1"]
[WhiteElo "1879"]
[BlackElo "1887"]

1. d4 d5 2. c4 b6 3. Nc3 e6 4. e3 Nf6 5. Nf3 a6 6. Be2 Bb7 7. O-O Bd6 8. Bd3
dxc4 9. Bxc4 O-O 10. Ne5 Nbd7 11. f4 Ne4 12. Nxe4 Bxe4 13. Bd3 Bxd3 14. Qxd3 Nf6
15. a3 Qc8 16. b4 c5 17. dxc5 Bxe5 18. fxe5 Nd7 19. cxb6 Nxb6 20. Bb2 Nc4 21.
Qb3 Nd2 22. Qd1 Nxf1 23. Qxf1 Qc2 24. Rb1 Rfd8 25. Bd4 Rd7 26. Rb2 Qe4 27. Qe2
h6 28. Qf2 Rc8 29. b5 Rc1+ 0-1

[Event "AUTO-INT-803"]
[Site "http://www.queenalice.com/game.php?id=436423"]
[Date "2008.7.20"]
[Round "2"]
[White "Josecarlos"]
[Black "beginchess"]
[Result "1-0"]
[WhiteElo "1842"]
[BlackElo "1855"]

1. d4 d5 2. e3 Nf6 3. Nf3 e6 4. Nc3 Bb4 5. Bd2 O-O 6. Bd3 c5 7. dxc5 Bxc5 8. O-O
a6 9. a3 Nbd7 10. b4 Ba7 11. Re1 Kh8 12. e4 dxe4 13. Bxe4 Nxe4 14. Rxe4 Nb6 15.
Rh4 f5 16. g3 Nc4 17. Rxc4 b5 18. Rh4 Bb7 19. Qe2 Qf6 20. Ne5 Bb8 21. Nd7 Qe7
22. Nxf8 Qxf8 23. Re1 Bc8 24. Ne4 fxe4 25. Qxe4 1-0

[Event "AUTO-ADV-885"]
[Site "http://www.queenalice.com/game.php?id=453110"]
[Date "2008.8.24"]
[Round "2"]
[White "NickThorp"]
[Black "beginchess"]
[Result "1-0"]
[WhiteElo "1914"]
[BlackElo "1849"]

1. e4 d5 2. exd5 Qxd5 3. Nc3 Qd8 4. Nf3 Nf6 5. Bb5+ c6 6. Ba4 a5 7. O-O e6 8.
Bb3 Bb4 9. a3 Be7 10. d3 O-O 11. Ne5 Nd5 12. Qg4 Nxc3 13. bxc3 Nd7 14. Nxf7 Nf6
15. Nxd8 Nxg4 16. Nxe6 Kh8 17. Nxf8 Bxf8 18. Re1 Bd7 19. h3 Nf6 20. Bg5 Ne8 21.
Be7 Nf6 22. Bxf8 Rxf8 23. Re7 b5 24. a4 bxa4 25. Rxa4 Ra8 26. Re5 1-0

[Event "AUTO-ADV-885"]
[Site "http://www.queenalice.com/game.php?id=453111"]
[Date "2008.8.24"]
[Round "2"]
[White "beginchess"]
[Black "NickThorp"]
[Result "0-1"]
[WhiteElo "1862"]
[BlackElo "1927"]

1. d4 d5 2. c4 e6 3. cxd5 exd5 4. Nc3 Nf6 5. e3 Bb4 6. Qb3 Bxc3+ 7. Qxc3 O-O 8.
Bd3 Ne4 9. Qc2 Bf5 10. Ne2 Nc6 11. a3 Ne7 12. O-O Nd6 13. f3 Bxd3 14. Qxd3 Re8
15. Qb3 Nef5 16. Nc3 c6 17. Na4 b5 18. Nc5 Nc4 19. Re1 Nxd4 20. Qc3 Qh4 21. b3
Nxf3+ 22. gxf3 d4 23. Qd3 Qxe1+ 0-1

[Event "AUTO-ADV-885"]
[Site "http://www.queenalice.com/game.php?id=453112"]
[Date "2008.8.24"]
[Round "2"]
[White "emredostmetu"]
[Black "beginchess"]
[Result "1-0"]
[WhiteElo "2446"]
[BlackElo "1816"]

1. e4 d5 2. exd5 Qxd5 3. Nc3 Qd8 4. Nf3 a6 5. Bc4 Nf6 6. d4 e6 7. O-O Bb4 8. a3
Bxc3 9. bxc3 O-O 10. a4 c5 11. Ba3 Re8 12. Bxc5 Qc7 13. Qd3 Nc6 14. Rab1 Nd7 15.
Ng5 g6 16. Qh3 h5 17. Ne4 b6 18. Bd6 Qb7 19. Bf4 Na5 20. Nd6 Qc7 21. Bd3 Rf8 22.
Bxg6 Nf6 23. Bxh5 Nh7 24. Qg3+ Kh8 25. Nxf7+ 1-0

[Event "AUTO-ADV-885"]
[Site "http://www.queenalice.com/game.php?id=453113"]
[Date "2008.8.24"]
[Round "2"]
[White "beginchess"]
[Black "emredostmetu"]
[Result "0-1"]
[WhiteElo "1814"]
[BlackElo "2447"]

1. d4 d5 2. c4 c6 3. cxd5 cxd5 4. Nc3 Nf6 5. Nf3 Nc6 6. e3 e6 7. Bb5 Bd7 8. O-O
Bd6 9. a3 O-O 10. Ba4 Rc8 11. Nb5 Be7 12. Ne5 Nxe5 13. dxe5 Ne4 14. Nd4 Bxa4 15.
Qxa4 Qc7 16. b4 Nc3 17. Qb3 Qxe5 18. Bb2 Bd6 19. g3 Ne4 20. Ne2 Qh5 21. Nf4 Qf3
22. Rad1 Bxf4 0-1

[Event "AUTO-INT-828"]
[Site "http://www.queenalice.com/game.php?id=457791"]
[Date "2008.9.3"]
[Round "3"]
[White "beginchess"]
[Black "gomestrovao"]
[Result "0-1"]
[WhiteElo "1841"]
[BlackElo "1948"]

1. d4 d5 2. c4 Nf6 3. Nc3 c6 4. e3 Bf5 5. Nf3 Nbd7 6. Be2 h6 7. Qb3 Qb6 8. Qd1
e6 9. c5 Qc7 10. O-O b6 11. cxb6 Nxb6 12. Ne5 Bd6 13. f4 O-O 14. Rf3 Ne4 15. Bd2
Nxc3 16. Bxc3 Bxe5 17. fxe5 Be4 18. Rg3 f6 19. exf6 Rxf6 20. Bh5 Raf8 21. Qg4
Nc4 22. b3 Nd6 23. Qe2 Qe7 24. Bf3 Rg6 25. Rxg6 Bxg6 26. Bb4 Rf6 27. Rf1 Qd7 28.
Qa6 Nf5 29. Re1 Nh4 30. Be2 Be4 31. Bf1 Rg6 32. Re2 Rf6 33. Qa5 Qf7 34. Qd8+ Kh7
35. Re1 Nf5 36. Bd2 Qg6 37. Bc1 Nh4 38. g3 Nf3+ 39. Kf2 Nxh2+ 0-1

[Event "AUTO-INT-828"]
[Site "http://www.queenalice.com/game.php?id=457792"]
[Date "2008.9.3"]
[Round "3"]
[White "gomestrovao"]
[Black "beginchess"]
[Result "1-0"]
[WhiteElo "1928"]
[BlackElo "1833"]

1. e4 e5 2. Bc4 Nf6 3. Nc3 Bb4 4. Nd5 Nxd5 5. exd5 O-O 6. Ne2 c6 7. a3 Be7 8. d3
d6 9. h3 Bf5 10. Be3 cxd5 11. Bxd5 Qa5+ 12. Nc3 Nc6 13. O-O Bh4 14. Qh5 Bxh3 15.
gxh3 Bf6 16. Bg5 Bxg5 17. Qxg5 Nd4 18. Rac1 h6 19. Qe7 Qb6 20. Qxb7 Qxb7 21.
Bxb7 Rab8 22. Bd5 Rxb2 23. Rfe1 Rc8 24. Ne2 Rbxc2 25. Rxc2 Rxc2 26. Nxd4 exd4
27. Re8+ Kh7 28. Rd8 Rd2 29. Bc4 Kg6 30. Rxd6+ f6 31. Rxd4 f5 32. Rd7 f4 33.
Rxa7 f3 34. Rf7 1-0